00409nam a2200133Ia 4500008004100000041000800041082001400049100001900063245004100082260002000123365000700143999001900150952010600169230303s9999 xx 000 0 und d aeng a006.3 GER aGERO (John. S) aArtificial Intelligence in Design 02 bACADEMY PRESS B cRS c181170d181170 00104070aECDbECDd2023-03-03g15600.00l0o006.3 GERpEB7673r2023-03-03 00:00:00w2023-03-03yBK